<?xml version="1.0" encoding="UTF-8"?>
<record
    xmlns:xsi="http://www.w3.org/2001/XMLSchema-instance"
    xsi:schemaLocation="http://www.loc.gov/MARC21/slim http://www.loc.gov/standards/marcxml/schema/MARC21slim.xsd"
    xmlns="http://www.loc.gov/MARC21/slim">

  <leader>00659nam a22002177a 4500</leader>
  <controlfield tag="005">20170124105938.0</controlfield>
  <datafield tag="010" ind1=" " ind2=" ">
    <subfield code="a">736555</subfield>
  </datafield>
  <datafield tag="020" ind1=" " ind2=" ">
    <subfield code="c">5.75</subfield>
  </datafield>
  <datafield tag="035" ind1=" " ind2=" ">
    <subfield code="a">736555</subfield>
  </datafield>
  <datafield tag="037" ind1=" " ind2=" ">
    <subfield code="b">Cen Lib/Ret</subfield>
  </datafield>
  <datafield tag="040" ind1=" " ind2=" ">
    <subfield code="a">DPL</subfield>
    <subfield code="b">EN</subfield>
  </datafield>
  <datafield tag="082" ind1=" " ind2=" ">
    <subfield code="a">338.9</subfield>
    <subfield code="b">BAN</subfield>
  </datafield>
  <datafield tag="100" ind1=" " ind2=" ">
    <subfield code="a">Banerjee, Mrityunjoy</subfield>
    <subfield code="9">10472</subfield>
  </datafield>
  <datafield tag="245" ind1=" " ind2=" ">
    <subfield code="a">Economics of growth :</subfield>
    <subfield code="c">by Mrityunjoy Banerjee  </subfield>
    <subfield code="b"> an introduction /</subfield>
  </datafield>
  <datafield tag="260" ind1=" " ind2=" ">
    <subfield code="a">Calcutta-6</subfield>
    <subfield code="b">Katyayani Publishers</subfield>
    <subfield code="c">1969</subfield>
  </datafield>
  <datafield tag="270" ind1=" " ind2=" ">
    <subfield code="a">21/ A, Duff Street</subfield>
    <subfield code="b">Calcutta-6</subfield>
  </datafield>
  <datafield tag="300" ind1=" " ind2=" ">
    <subfield code="a">viii,276p.</subfield>
    <subfield code="c">21cm(Hb)</subfield>
  </datafield>
  <datafield tag="650" ind1=" " ind2=" ">
    <subfield code="a">Economic development</subfield>
    <subfield code="9">1481</subfield>
  </datafield>
  <datafield tag="650" ind1=" " ind2=" ">
    <subfield code="a">Economic development--Social aspects</subfield>
    <subfield code="9">10473</subfield>
  </datafield>
  <datafield tag="942" ind1=" " ind2=" ">
    <subfield code="2">ddc</subfield>
    <subfield code="c">EN</subfield>
    <subfield code="h">338.9</subfield>
    <subfield code="m">BAN</subfield>
  </datafield>
  <datafield tag="999" ind1=" " ind2=" ">
    <subfield code="c">124357</subfield>
    <subfield code="d">124357</subfield>
  </datafield>
  <datafield tag="952" ind1=" " ind2=" ">
    <subfield code="0">4</subfield>
    <subfield code="1">0</subfield>
    <subfield code="4">0</subfield>
    <subfield code="7">0</subfield>
    <subfield code="a">L</subfield>
    <subfield code="b">L</subfield>
    <subfield code="d">2015-06-16</subfield>
    <subfield code="e">Cen Lib/Ret              </subfield>
    <subfield code="g">5.75</subfield>
    <subfield code="l">0</subfield>
    <subfield code="o">338.9 BAN</subfield>
    <subfield code="p">736555</subfield>
    <subfield code="r">2015-06-16 00:00:00</subfield>
    <subfield code="t">1</subfield>
    <subfield code="v">5.75</subfield>
    <subfield code="w">2015-06-16</subfield>
    <subfield code="y">EN</subfield>
    <subfield code="z">Written off on approval by DLB (By Circulation); dtd 15-06-2023</subfield>
  </datafield>
</record>
